000
00250nam a22000857a 4500
008
160630b xxu||||| |||| 00| 0 eng d
100
_9
1484
_a
Sharma, V.D
245
_a
Introduction to Physical and Health Education - XI
260
_a
New Delhi
_b
Avichal
_c
2005
999
_c
1230
_d
1230